00420 a2200145 4500020001500000050001000015100002100025245008300046250001500129264006400144300001200208500002700220650001500247651001200262 a9966820108 a418.3 aRimiru Klinger C aPhilosophy,Science and God:bAn introduction to theodicy /cKlinger C, Rimiru  a11 2nd ed. aWestlands:bConsolata institute of philosophy press,cc2008 a157p. : awith table of contents aphilosophy aScience